The night without a president (Record no. 78813)
[ view plain ]
| 000 -LEADER | |
|---|---|
| fixed length control field | 00693nam a2200169 a 4500 |
| 008 - FIXED-LENGTH DATA ELEMENTS--GENERAL INFORMATION | |
| fixed length control field | 120416s1985 ||||||||||||||||| || u |
| 050 ## - LIBRARY OF CONGRESS CALL NUMBER | |
| Classification number | JQ 2881 Win |
| 100 ## - MAIN ENTRY--PERSONAL NAME | |
| Personal name | Wina, Sikota |
| 245 14 - TITLE STATEMENT | |
| Title | The night without a president |
| 260 ## - PUBLICATION, DISTRIBUTION, ETC. | |
| Place of publication, distribution, etc. | Lusaka |
| Name of publisher, distributor, etc. | Multimedia Publications |
| Date of publication, distribution, etc. | 1985 |
| 300 ## - PHYSICAL DESCRIPTION | |
| Extent | iv, 78 [8]p. : ill. |
| 350 ## - | |
| -- | 0.00 |
| 650 ## - SUBJECT ADDED ENTRY--TOPICAL TERM | |
| Topical term or geographic name entry element | POLITICS |
| 650 ## - SUBJECT ADDED ENTRY--TOPICAL TERM | |
| Topical term or geographic name entry element | POLITICS AND GOVERNANCE--ZAMBIA |
| 995 ## - | |
| -- | BINDERY (DAMAGED) |
| -- | 0.00 |
| -- | 707962 |
| -- | CBU-MAIN LIBRARY (Kitwe) |
| -- | 1 |
| -- | 0.00 |
| -- | JQ 2881 Win |
| -- | 1 |
| -- | DAMAGED |
| -- | 009085 |
| -- | Main Library Open Access Collection |
| 995 ## - | |
| -- | SPECIAL COLLECTIONS |
| -- | 0.00 |
| -- | 707964 |
| -- | CBU-MAIN LIBRARY (Kitwe) |
| -- | 2 |
| -- | 0.00 |
| -- | ZAM JQ 2881 Win |
| -- | 2 |
| -- | AVAILABLE |
| -- | 024169 |
| -- | Zambiana Collection |
| 999 ## - | |
| -- | 78813 |
| -- | 78813 |
| Withdrawn status | Lost status | Source of classification or shelving scheme | Damaged status | Not for loan | Permanent Location | Current Location | Shelving location | Date acquired | Total Checkouts | Full call number | Barcode | Date last seen | Copy number | Price effective from | Koha item type |
|---|---|---|---|---|---|---|---|---|---|---|---|---|---|---|---|
| CBU-MAIN LIBRARY, KITWE. | CBU-MAIN LIBRARY, KITWE. | 06/06/2023 | JQ 2881 Win | 009085 | 06/06/2023 | 1 | 06/06/2023 | MONOGRAPH | |||||||
| CBU-MAIN LIBRARY, KITWE. | CBU-MAIN LIBRARY, KITWE. | 06/06/2023 | ZAM JQ 2881 Win | 024169 | 06/06/2023 | 2 | 06/06/2023 | SPECIAL COLLECTION |